000 01035nam a2200265Ia 4500
003 OSt
005 20210415103205.0
008 210310s1969 ck gr 001 0 spa d
040 _aCO-JMCR
_cCO-JMCR
041 0 _aspa
082 0 4 _a336.86 /
_bM987b
_223
100 1 _aMusgrave, Richard A.,
_914977
_eautor
245 1 0 _aInforme Musgrave :
_bbases para una reforma tributaria en Colombia /
_cRichard Musgrave, Oliver Oldman, Alan Peacock [y otros 5]
260 _a[Bogotá] :
_bTercer Mundo,
_c1969
300 _b321 páginas ;
_c23 cm.
490 0 _aBiblioteca Banco Popular
500 _aIncluye notas a pie de página e índice analítico.
505 0 _aIntroducción y objetivos -- Cambios en la Estructura Tributaria -- Relaciones Fiscales Intergubernamentales
650 1 4 _a Hacienda pública
_914979
_zColombia
650 2 4 _aRégimen fiscal
_xReformas
_zColombia
_936876
650 2 4 _aEconomía
_zColombia
_97273
700 1 _aOldman, Oliver,
_eautor
_936774
700 1 _aPeacock, Alan,
_eautor
_936877
942 _2ddc
_cBK
999 _c7625
_d7625